000
00352nam a2200157Ia 4500
003
OSt
005
20240131155720.0
008
170524s9999 xx 000 0 und d
020
_a
978-0415534628
040
_c
IIMT UNIVERSITY
100
_a
Johnston & Marshall
100
_c
2010
245
0
_a
SALES FOR MANAGEMENT
260
_a
TMH
942
_2
ddc
_c
02
999
_c
2509
_d
2509